Vocabulario Unidad 5 - Estadísticas

Estadísticas generales
  • Esta prueba ha sido intentada 9 veces
  • La puntuación promedio es 16 de 35
Estadísticas de respuestas
Hint Respuesta % Correcto
Sustantivos δαίμων, -ονος (ὁ / ἡ) Espíritu / Deidad / Divinidad
83%
Sustantivos πῦρ, πυρός (τό) Fuego
83%
Sustantivos ἀνήρ, ανδρός (ὁ) Hombre
83%
Sustantivos λέων, -οντος (ὁ) León
83%
Sustantivos νέκταρ, -αρος (τό) Néctar
83%
Verbos ἐθέλω Querer
83%
Sustantivos μήτηρ, μητρός (ἡ) Madre
67%
Sustantivos πάτηρ, πατρός (ὁ) Padre
67%
Sustantivos πνεύμων, -ονος (ὁ) Pulmón
67%
Verbos βούλομαι Querer
67%
Sustantivos ῥήτωρ, -ορος (ὁ) Rétor
67%
Sustantivos δράκων, -οντος (ὁ) Serpiente
67%
Sustantivos γέρων, -οντος (ὁ) Anciano / Viejo
50%
Sustantivos γαστήρ, -έρος (ὁ) Estómago
50%
Sustantivos ἀστήρ, -έρος (ὁ) Estrella
50%
Adjetivos εὐδαίμων, -ον Feliz
50%
Sustantivos Ἕλλην, -ηνος (ὁ) Griego
50%
Sustantivos θυγατήρ, -τρός (ἡ) Hija
50%
Adjetivos Μακεδών, όν Macedonio
50%
Sustantivos χείρ, χειρός (ἡ) Mano
50%
Sustantivos μήν, μηνός (ὁ) Mes / Luna
50%
Sustantivos ῥίς, ῥινός (ἡ) Nariz
50%
Sustantivos ἀγών, -ῶνος (ὁ) Agón / Competición
33%
Sustantivos θήρ, θηρός (ἡ) Fiera
33%
Adjetivos σώφρων, -ον Prudente
33%
Adjetivos γείτων, -ον Vecino
33%
Verbos βουλεύω Decidir
17%
Verbos ἀναγκαῖόν ἐστι(ν) Es necesario
17%
Sustantivos λιμήν, -ένος (ὁ) Puerto
17%
Adjetivos ἐπιστήμων, -ον Conocedor (+genit.)
0%
Verbos ὀφείλω Deber
0%
Verbos χρῆ Es necesario
0%
Verbos δεῖ Es necesario
0%
Verbos κελεύω Ordenar
0%
Adjetivos μνήμων, -ον Que recuerda (+genit.)
0%
No se encontraron pruebas coincidentes
Distribución de puntuación
Porcentaje de gente con cada puntuación
Porcentaje por número respondido
Historial de tus puntuaciones
No has intentado esta prueba.